AFL best games of each round 2024 - Statistics

General Stats
  • This quiz has been taken 30 times
  • The average score is 23 of 29
Answer Stats
Round Where Home team Won/Lost to Away team % Correct
1 MCG Carlton Won by 5 against Richmond
100%
OR GABBA Brisbane Lost by 1 against Carlton
95%
2 MCG St Kilda Won by 15 against Collingwood
91%
7 MCG Essendon Drew with Collingwood
91%
4 Adelaide oval Collingwood Won by 5 against Hawthorn
91%
5 Marvel Stadium Carlton Lost by 2 against Adelaide
86%
8 Marvel Stadium Western Bulldogs Lost by 7 against Hawthorn
86%
3 MCG Richmond Won by 5 against Sydney
86%
12 Marvel Stadium Collingwood Lost by 18 against Western Bulldogs
86%
PF MCG Geelong Lost by 10 against Brisbane
82%
GF MCG Sydney Lost by 60 against Brisbane
82%
6 Adelaide Oval Adelaide Lost by 3 against Essendon
82%
FW1 SCG Sydney Won by 6 against GWS
82%
10 Adelaide Oval Port Adelaide Won by 1 against Hawthorn
82%
SF Adelaide Oval Port Adelaide Won by 3 against Hawthorn
82%
16 GABBA Brisbane Won by 5 against Melbourne
82%
24 Marvel Stadium Carlton Lost by 2 against St Kilda
82%
17 Marvel Stadium St Kilda Won by 2 against Sydney
82%
23 MCG Collingwood Won by 1 against Brisbane
77%
11 GMHBA Stadium Geelong Lost by 4 against GWS
77%
13 UTAS Stadium Hawthorn Won by 6 against GWS
77%
20 MCG Melbourne Lost by 2 against GWS
77%
21 GIANTS Stadium GWS Won by 2 against Hawthorn
77%
15 MCG Melbourne Won by 3 against North Melbourne
77%
9 GMHBA Stadium Geelong Lost by 6 against Port Adelaide
77%
14 Marvel Stadium North Melbourne Lost by 1 against Collingwood
73%
19 Marvel Stadium Essendon Lost by 2 against Adelaide
64%
22 Marvel Stadium Essendon Lost by 3 against Gold Coast
59%
18 UTAS Stadium Hawthorn Won by 13 against Fremantle
55%
No matching quizzes found
Score Distribution
Percent of People with Each Score
Percentile by Number Answered
Your Score History
You have not taken this quiz